000 00351nam a2200181Ia 4500
100 _aDemtroder/W
650 _aSpectroscopy
250 _a3
942 _cBK
366 _f20
654 _aspectroscopy
245 _aLaser Spectroscopy
260 _bSpringer
_c2003
082 _a543
_bDEM
300 _a987
546 _aENGLISH
999 _c21197
_d21197